राजनैतिक मीडिया लेखन / (Record no. 111890)

MARC details
000 -LEADER
fixed length control field 01009nam a22002537a 4500
005 - DATE AND TIME OF LATEST TRANSACTION
control field 20170124102930.0
010 ## - LIBRARY OF CONGRESS CONTROL NUMBER
LC control number B-068684
020 ## - INTERNATIONAL STANDARD BOOK NUMBER
Terms of availability 00.00
International Standard Book Number 8173914753
035 ## - SYSTEM CONTROL NUMBER
System control number B-068684
037 ## - SOURCE OF ACQUISITION
Source of stock number/acquisition Cen Lib/Ret
040 ## - CATALOGING SOURCE
Original cataloging agency DPL
Language of cataloging HN
082 ## - DEWEY DECIMAL CLASSIFICATION NUMBER
Classification number 070.442
Item number गुप्ताओ
100 ## - MAIN ENTRY--PERSONAL NAME
Personal name गुप्ता, ओम
9 (RLIN) 44926
245 ## - TITLE STATEMENT
Title राजनैतिक मीडिया लेखन /
Statement of responsibility, etc ओम गुप्ता
246 ## - VARYING FORM OF TITLE
Title proper/short title Rajnaitik media lekhan /
Remainder of title by Om Gupta
260 ## - PUBLICATION, DISTRIBUTION, ETC. (IMPRINT)
Name of publisher, distributor, etc कनिष्क पब्लिशर्स
Place of publication, distribution, etc नई दिल्ली
Date of publication, distribution, etc 2002
270 ## - ADDRESS
Address 4697/5-21 ए, अंसारी रोड, दरियागंज
City नई दिल्ली
Postal code 110002
300 ## - PHYSICAL DESCRIPTION
Extent viii,116पृ.
Dimensions 21सेमी (सजिल्द)
650 ## - SUBJECT ADDED ENTRY--TOPICAL TERM
Topical term or geographic name as entry element मीडिया
9 (RLIN) 44927
650 ## - SUBJECT ADDED ENTRY--TOPICAL TERM
Topical term or geographic name as entry element मीडिया लेखन
9 (RLIN) 1413
650 ## - SUBJECT ADDED ENTRY--TOPICAL TERM
Topical term or geographic name as entry element Media
9 (RLIN) 44928
650 ## - SUBJECT ADDED ENTRY--TOPICAL TERM
Topical term or geographic name as entry element Media writing
9 (RLIN) 44929
942 ## - ADDED ENTRY ELEMENTS (KOHA)
Source of classification or shelving scheme Dewey Decimal Classification
Koha item type Hindi Books
Classification part 070.442
Call number suffix गुप्ताओ
Holdings
Withdrawn status Lost status Damaged status Not for loan Home library Current library Date acquired Source of acquisition Cost, normal purchase price Total Checkouts Full call number Barcode Date last seen Copy number Cost, replacement price Price effective from Koha item type Public note
Written off       Central Library Central Library 05/08/2015 Cen Lib/Ret 0.00   070.442 गुप्ताओ B-068684 05/08/2015 1 0.00 05/08/2015 Hindi Books Written off on approval by DLB (By Circulation); dtd 15-06-2023

© Delhi Public Library
Hit Counter
free hit counter